Rural development through government programmes (Record no. 349293)

000 -LEADER
fixed length control field 00361cam a22001217a 4500
008 - FIXED-LENGTH DATA ELEMENTS--GENERAL INFORMATION
fixed length control field 180718b1985 xxu||||| |||| 00| 0 eng d
082 ## - DEWEY DECIMAL CLASSIFICATION NUMBER
Classification number B136x5413 M727
100 ## - MAIN ENTRY--PERSONAL NAME
Personal name Mohsin, Nadeem
245 ## - TITLE STATEMENT
Title Rural development through government programmes
Statement of responsibility, etc. by Nadeem Mohsin
260 ## - PUBLICATION, DISTRIBUTION, ETC.
Place of publication, distribution, etc. Delhi
Name of publisher, distributor, etc. Mittal
Date of publication, distribution, etc. 1985
300 ## - PHYSICAL DESCRIPTION
Extent 102p.
650 ## - SUBJECT ADDED ENTRY--TOPICAL TERM
Topical term or geographic name entry element Rural development - India - Bihar
Holdings
Withdrawn status Lost status Damaged status Not for loan Permanent Location Current Location Date acquired Full call number Barcode Date last seen Price effective from Koha item type
        Indian Institute of Public Administration Indian Institute of Public Administration 1993-10-29 B136x5413 M727 64540 2018-07-21 2018-07-21 Book

Powered by Koha